Score 0/24 Timer 03:00
0 Plays Today
clue answer % Correct
Belonging to meMINE
96.7%
5,280 feetMILE
95.5%
Lion's hair MANE
95.5%
Group of animalsHERD
94.7%
Coniferous treePINE
94.6%
★ Mojito necessity ★MINT
94.2%
1/2 of a quartPINT
94.2%
Plate of window glassPANE
94.1%
Humanlike toyDOLL
94%
Town in South Jersey, Cherry ____HILL
93.6%
Kept in handHELD
92.9%
Place of punishment for the wickedHELL
92.4%
clue answer % Correct
Contest of speed, especially in runningRACE
90.4%
★ Basil or thyme ★HERB
90.3%
★ Pickle flavorer ★DILL
90.3%
Pineapple companyDOLE
89.1%
Violent anger; furyRAGE
89%
Enemy spyMOLE
88.5%
★ Spice made from nutmeg's coating ★MACE
87.5%
★ Wise plant? ★SAGE
83.3%
Ugly old women, especially vicious or malicious onesHAGS
81.6%
Domesticated swinesHOGS
80.9%
Sinks downward, like pants? SAGS
78.3%
★ Dried cones necessary for brewing beer ★HOPS
58.3%

Today's Daily Dose

Remove Ads.
Support Sporcle.
Get the best of Sporcle when you Go Orange. This ad-free experience offers more features, more stats, and more fun while also helping to support Sporcle. Thank you for becoming a member.

You're not logged in!

Compare scores with friends on all Sporcle quizzes.
OR
Log In

Show Comments

Extras

Top Quizzes Today


Score Distribution

Your Account Isn't Verified!

In order to create a playlist on Sporcle, you need to verify the email address you used during registration. Go to your Sporcle Settings to finish the process.

Report this User

Report this user for behavior that violates our Community Guidelines.

Details: